Top 10 Least White U.S. Cities - Statistics

General Stats
  • This quiz has been taken 159 times
    140 since last reset
  • The average score is 6 of 10
Answer Stats
% City State % Correct
82.7 Detroit Michigan
94%
76.3 Miami Gardens Florida
91%
63.7 Baltimore Maryland
89%
63.3 Memphis Tennessee
87%
79.4 Jackson Mississippi
80%
86.9 El Paso Texas
78%
73.4 Birmingham Alabama
73%
77.8 Chester Pennsylvania
7%
75.0 Orangeburg South Carolina
5%
69.8 Wilkinsburg Pennsylvania
0%
No matching quizzes found
Score Distribution
Percent of People with Each Score
Percentile by Number Answered
Your Score History
You have not taken this quiz since the last reset